| 000 | 00602nam a2200229Ia 4500 | ||
|---|---|---|---|
| 003 | OSt | ||
| 005 | 20230413124833.0 | ||
| 008 | 210423s2009 xx 000 0 und d | ||
| 020 | _a9781412926850 | ||
| 040 | _cAL | ||
| 041 | _aeng | ||
| 082 |
_a306.890973 _223 _bDEMD |
||
| 100 |
_aDEMO (David H);FINE (Mark A) _987968 |
||
| 245 | _aBeyond the average divorce | ||
| 260 |
_aNew Delhi _bSage Publications _c2009 |
||
| 300 |
_aiv,198 _bPB |
||
| 365 |
_b2552 _cINR |
||
| 650 |
_aMarriage & Family _987969 |
||
| 650 |
_aSociology _987970 |
||
| 906 | _aaverage ; Beyond ; divorce | ||
| 942 |
_2ddc _cBK |
||
| 999 |
_c157429 _d157429 |
||